00293nam a2200121Ia 4500008004100000082001500041100001400056245003600070250000800106260003200114300000900146650001600155191201s2008 xx 000 0 und d a621.3bGUE aGUPTA,J.B 0aElectronic devices and Circuits aRep aN. delhibS.K.Katariac2008 a1209 aB.Tech(ECE)